A handbook for teachers : (Record no. 4462)

MARC details
000 -LEADER
fixed length control field 00624 a2200181 4500
010 ## - LCCN (DPL NO)
LC control number ENG-86352
020 ## - INTERNATIONAL STANDARD BOOK NUMBER
International Standard Book Number 8131301958
Terms of availability 250.00
035 ## - SYSTEM CONTROL NUMBER
System control number EN-69885
037 ## - SOURCE OF ACQUISITION
Source of stock number/acquisition DBAD / PUB
082 14 - DEWEY DECIMAL CLASSIFICATION NUMBER
Classification number 372.7044
100 1# - MAIN ENTRY--PERSONAL NAME
Personal name Swarupa Rani T
245 1# - TITLE STATEMENT
Title A handbook for teachers :
Statement of responsibility, etc by Swarupa Rani T
Remainder of title research in teaching of mathmatic /
260 ## - PUBLICATION, DISTRIBUTION, ETC. (IMPRINT)
Place of publication, distribution, etc New Delhi
Name of publisher, distributor, etc A P H Publishing
Date of publication, distribution, etc 2007
270 ## - ADDRESS
Address 5, Ansari Road, Darya Ganj
City New Delhi
Postal code 110 002
Telephone number 011-23274050
Electronic mail address aphbooks@vsnl.net
300 ## - PHYSICAL DESCRIPTION
Extent ix, 92 p.
Dimensions 23cm. (Hb.)
500 ## - GENERAL NOTE
General note Includes bibliographical references
942 ## - ADDED ENTRY ELEMENTS (KOHA)
Institution code [OBSOLETE] dpl
Item type English Books
Source of classification or shelving scheme Dewey Decimal Classification
Classification part 372.7044
Call number suffix SWA
Holdings
Withdrawn status Lost status Not for loan Collection code Home library Current library Source of acquisition Cost, normal purchase price Full call number Barcode Copy number Cost, replacement price Koha item type
    Not For Loan Non-fiction D.B.Act.Division D.B.Act.Division DBAD/PUB 250.00 372.7044 SWA EN-69885 1 250.00 English Books

© Delhi Public Library
Hit Counter
free hit counter